000 00981nam a2200301 a 4500
008
020 _a0316036404 (pbk.)
049 _aMAIN
090 0 _aRD593
_bOYE
100 1 _aOyesiku, Nelson M.
245 1 0 _aPatient care in neurosurgery /
_cNelson M. Oyesiku, A. Loren Amacher ; foreword by George T. Tindall.
250 _a3rd ed.
260 _aBoston :
_bLittle, Brown,
_cc1990.
300 _axi, 317 p. :
_bill. ;
_c22 cm.
440 0 _aLittle, Brown patient care series
500 _aRev. ed. of: Patient care in neurosurgery / James R. Howe. 1st ed. c1977.
500 _aIncludes index.
504 _aIncludes bibliographical references.
650 0 _aNervous system
_xSurgery.
650 0 _aTherapeutics, Surgical.
700 1 _aAmacher, A. Loren.
700 1 _aHowe, James R.
907 _a.b10195920
_b29-01-14
_c15-03-06
003
005 20230123134200.0
040 _cNUST
942 _cBOOKS
_kRD593
_mOYE
999 _c161457
_d161457